[Event "46th Capablanca Memorial Open A"]
[Site "Havana CUB"]
[Date "2011.05.20"]
[Round "9.19"]
[White "Soppe, Guillermo"]
[Black "Castillo Coca, Mayrebis"]
[Result "1-0"]
[WhiteTitle "IM"]
[BlackTitle "WFM"]
[WhiteElo "2430"]
[BlackElo "2087"]
[WhiteFideId "100323"]
[BlackFideId "3511910"]
[EventDate "2011.05.11"]

1. Nf3 Nf6 2. g3 g6 3. b4 Bg7 4. Bb2 c6 5. Na3 d5 6. Rb1 O-O 7. Bg2 a5 8. b5 c5
9. O-O b6 10. c4 Bb7 11. d4 Nbd7 12. Ne5 Nxe5 13. dxe5 Ng4 14. e4 Nxe5 15. cxd5
Qc7 16. f4 Nd7 17. Bxg7 Kxg7 18. Nc4 Nf6 19. Rb2 Rad8 20. Rd2 Ne8 21. e5 Kg8 22.
a4 Ng7 23. g4 Bc8 24. h3 f5 25. g5 Nh5 26. Qe1 e6 27. d6 Qa7 28. Qe3 Rf7 29. Bc6
Rdd7 30. Qb3 Kh8 31. Kh2 Qb8 32. Ne3 Rd8 33. Qc4 Ng7 34. d7 Bxd7 35. Rfd1 Qc7
36. Qd3 Nh5 37. Qd6 Qxd6 38. Rxd6 Nxf4 39. Bxd7 Re7 40. Bc6 1-0

[Event "46th Capablanca Memorial Open A"]
[Site "Havana CUB"]
[Date "2011.05.20"]
[Round "9.21"]
[White "Rodriguez Garcia, Victor"]
[Black "Gomez Fontal, Felix Manuel"]
[Result "1-0"]
[WhiteTitle "FM"]
[BlackTitle "IM"]
[WhiteElo "2331"]
[BlackElo "2417"]
[WhiteFideId "3506320"]
[BlackFideId "3500357"]
[EventDate "2011.05.11"]

1. e4 e5 2. Nf3 Nc6 3. Bb5 Nf6 4. d3 d6 5. c3 Be7 6. O-O O-O 7. Re1 a6 8. Ba4 b5
9. Bc2 Bb7 10. Nbd2 Re8 11. Nf1 Bf8 12. Bg5 h6 13. Bh4 g6 14. Ne3 Nb8 15. h3
Nbd7 16. Nh2 Bg7 17. Qf3 Qc8 18. Nhg4 Nxg4 19. Nxg4 f5 20. Ne3 fxe4 21. dxe4 Rf8
22. Qe2 Qe8 23. Nd5 Bxd5 24. exd5 g5 25. Bg3 Rf6 26. a4 Rb8 27. axb5 axb5 28.
Ra7 Qd8 29. b4 Nb6 30. Qxb5 Nc8 31. Qxb8 1-0

[Event "46th Capablanca Memorial Open A"]
[Site "Havana CUB"]
[Date "2011.05.20"]
[Round "9.22"]
[White "Martinez Lopez, Ivan"]
[Black "Garcia Pantoja, Roberto"]
[Result "1/2-1/2"]
[BlackTitle "FM"]
[WhiteElo "2287"]
[BlackElo "2411"]
[WhiteFideId "2219409"]
[BlackFideId "3509265"]
[EventDate "2011.05.11"]

1. c4 Nf6 2. g3 g6 3. Bg2 Bg7 4. Nc3 d6 5. e4 c5 6. Nge2 h5 7. h4 Nc6 8. d3 Bg4
9. f3 Bd7 10. Be3 a6 11. O-O O-O 12. Qd2 Rb8 13. Rae1 b5 14. b3 Ne5 15. Nc1 Kh7
16. Bg5 Qa5 17. Re2 Nc6 18. Nd5 Qxd2 19. Rxd2 Ng8 20. Be3 e6 21. Nf4 Nge7 22.
Nh3 a5 23. g4 Rh8 24. gxh5 Kg8 25. hxg6 Nxg6 26. f4 Nxh4 27. Ng5 Nd4 28. Nf3
Nhxf3+ 29. Bxf3 a4 30. Kg2 Nxf3 31. Kxf3 Rh3+ 32. Ke2 Bc3 33. Rdd1 axb3 34. axb3
Ra8 35. Rh1 Rxh1 36. Rxh1 Ra1 37. Rg1+ Kh7 38. Bd2 Bf6 39. e5 dxe5 40. Bc3 Ra8
41. fxe5 Bg7 42. Kd1 Bc6 43. Kc2 Rh8 44. cxb5 Bxb5 45. Rh1+ Kg6 46. Rg1+ Kh7 47.
Rh1+ Bh6 48. Bd2 Kg6 49. Rxh6+ Rxh6 50. Bxh6 Kxh6 51. b4 cxb4 52. Kb3 1/2-1/2

[Event "46th Capablanca Memorial Open A"]
[Site "Havana CUB"]
[Date "2011.05.20"]
[Round "9.23"]
[White "Quesada Perez, Yasser"]
[Black "Larrua Gonzalez, Fernando Oscar"]
[Result "1-0"]
[WhiteTitle "FM"]
[BlackTitle "FM"]
[WhiteElo "2401"]
[BlackElo "2316"]
[WhiteFideId "3509362"]
[BlackFideId "3510662"]
[EventDate "2011.05.11"]

1. e4 c5 2. Nf3 d6 3. d4 cxd4 4. Nxd4 Nf6 5. Nc3 g6 6. Be3 Bg7 7. f3 O-O 8. Qd2
Nc6 9. O-O-O d5 10. exd5 Nxd5 11. Nxc6 bxc6 12. Bd4 e5 13. Bc5 Be6 14. Ne4 Re8
15. h4 h6 16. g4 Qc7 17. g5 h5 18. Ba6 Red8 19. Qd3 Nb4 20. Qa3 Nxa6 21. Qxa6
Bd5 22. c4 Bxe4 23. fxe4 Bf8 24. Bf2 Rd7 25. Kc2 Rad8 26. Qxa7 Qc8 27. Rxd7 Rxd7
28. Qa5 Rb7 29. Rg1 Rb4 30. b3 Rb8 31. Qc3 Ra8 32. a4 Qe6 33. Bb6 Be7 34. Qd3
Bb4 35. c5 Qc8 36. Rf1 Qg4 37. Qf3 Qd7 38. Rd1 Qe6 39. Rd6 Qg4 40. Qxg4 hxg4 41.
Kd3 1-0

[Event "46th Capablanca Memorial Open A"]
[Site "Havana CUB"]
[Date "2011.05.20"]
[Round "9.25"]
[White "Cardenas Ballester, Maydelin"]
[Black "Morales Romero, Pedro"]
[Result "0-1"]
[WhiteTitle "WFM"]
[BlackTitle "IM"]
[WhiteElo "2114"]
[BlackElo "2354"]
[WhiteFideId "3508242"]
[BlackFideId "3503798"]
[EventDate "2011.05.11"]

1. e4 c5 2. c3 b6 3. d4 Bb7 4. f3 e6 5. d5 Nf6 6. c4 Bd6 7. Nc3 exd5 8. cxd5 O-O
9. Bg5 h6 10. Bh4 a6 11. a4 Re8 12. Be2 c4 13. Nh3 Be5 14. Nf2 Qc7 15. Bxf6 Bxf6
16. O-O Qc5 17. Qc2 b5 18. axb5 axb5 19. Rxa8 Bxa8 20. f4 Bd4 21. Bf3 d6 22. Ra1
Bb7 23. Ra5 Ba6 24. g3 Qb6 25. Ra1 Nd7 26. Kg2 Nc5 27. Re1 b4 28. Na4 Nxa4 29.
Qxa4 Bb5 30. Qc2 Ra8 31. Nd1 c3 32. bxc3 bxc3 33. Nxc3 Rc8 34. Rc1 Rxc3 35. Qxc3
Bxc3 36. Rxc3 Qd4 37. Rc8+ Kh7 38. Rc2 Bd3 39. Rd2 Bf1+ 0-1

[Event "46th Capablanca Memorial Open A"]
[Site "Havana CUB"]
[Date "2011.05.20"]
[Round "9.26"]
[White "Ibarra Chami, Luis Fernando"]
[Black "Lopez Vilier, Luis Angel"]
[Result "1-0"]
[WhiteTitle "IM"]
[BlackTitle "FM"]
[WhiteElo "2514"]
[BlackElo "2316"]
[WhiteFideId "5105048"]
[BlackFideId "3509320"]
[EventDate "2011.05.11"]

1. c4 e5 2. Nc3 Nf6 3. Nf3 Nc6 4. g3 Bb4 5. Bg2 O-O 6. O-O e4 7. Ng5 Bxc3 8.
bxc3 Re8 9. d3 exd3 10. exd3 h6 11. Ne4 Nxe4 12. Bxe4 Ne5 13. Bg2 Rb8 14. f4 Nc6
15. f5 Qf6 16. d4 d6 17. Rb1 Bd7 18. Qh5 Nxd4 19. cxd4 Qxd4+ 20. Kh1 Qxc4 21.
Bxh6 gxh6 22. Rf4 Qc3 23. Qxh6 Re1+ 24. Rxe1 Qxe1+ 25. Rf1 Qe2 26. Qg5+ Kf8 27.
f6 Qg4 28. Qh6+ Kg8 29. Rf4 Qg6 30. Qxg6+ fxg6 31. Bd5+ 1-0

[Event "46th Capablanca Memorial Open A"]
[Site "Havana CUB"]
[Date "2011.05.20"]
[Round "9.28"]
[White "Davila, Carlos"]
[Black "Guerra Mendez, Jose Angel"]
[Result "1/2-1/2"]
[WhiteTitle "IM"]
[BlackTitle "IM"]
[WhiteElo "2307"]
[BlackElo "2472"]
[WhiteFideId "6100040"]
[BlackFideId "3508129"]
[EventDate "2011.05.11"]

1. e4 e5 2. Nf3 Nc6 3. Nc3 Nf6 4. g3 Bb4 5. d3 d5 6. exd5 Nxd5 7. Bd2 O-O 8. Bg2
f6 9. O-O Be6 10. Re1 Re8 11. d4 exd4 12. Nxd4 Nxc3 13. Bxc3 Nxd4 14. Bxb4 Nc6
15. Bc5 Qxd1 16. Raxd1 a6 17. f4 g6 18. a4 Rad8 19. Rxd8 Nxd8 20. a5 Kf7 21. Kf2
Bg4 22. Bd5+ Be6 23. Bf3 Bc8 24. Rxe8 Kxe8 25. b4 Bd7 26. Ke3 Bc6 27. Be2 Ne6
28. Ba7 Bg2 29. h4 f5 30. h5 Be4 31. c4 c6 32. b5 cxb5 33. cxb5 axb5 34. Bxb5+
Ke7 35. h6 g5 36. fxg5 Nxg5 37. Kf4 Kf6 38. Be8 Nf7 39. g4 Nxh6 40. gxf5 Bxf5
41. Bd4+ Ke7 42. Kg5 Kxe8 1/2-1/2

[Event "46th Capablanca Memorial Open A"]
[Site "Havana CUB"]
[Date "2011.05.20"]
[Round "9.29"]
[White "Fernandez Hernandez, Arturo A."]
[Black "Ruiz Sanchez, Orlen"]
[Result "0-1"]
[WhiteTitle "FM"]
[BlackTitle "FM"]
[WhiteElo "2265"]
[BlackElo "2392"]
[WhiteFideId "3509230"]
[BlackFideId "3506231"]
[EventDate "2011.05.11"]

1. e4 c5 2. Nf3 d6 3. d4 cxd4 4. Nxd4 Nf6 5. Nc3 a6 6. Bc4 e6 7. Bb3 b5 8. O-O
Be7 9. Qf3 Qb6 10. Be3 Qb7 11. Qg3 b4 12. Na4 Nbd7 13. f3 O-O 14. c3 a5 15. Rad1
Rb8 16. Rfe1 Ne5 17. Nb6 bxc3 18. bxc3 Qa6 19. Nxc8 Rfxc8 20. Nxe6 fxe6 21.
Bxe6+ Kh8 22. Bxc8 Qxc8 23. Rb1 Ra8 24. Bd4 Nh5 25. Qf2 Nd3 26. Qe3 Nxe1 27.
Rxe1 Qe6 28. g4 Nf6 29. a4 Nd7 30. h3 Rb8 31. Re2 Qc4 32. Kg2 Bg5 33. Qf2 Ne5
34. Rb2 Rf8 35. Rb5 Qxa4 36. Qe2 Ng6 37. Kf2 Bh4+ 38. Kg1 Nf4 39. Qf1 Qc2 40.
Kh1 Ne2 41. Qb1 Nxd4 42. cxd4 Qf2 43. Rf5 Rc8 44. Qg1 Qxg1+ 45. Kxg1 Ra8 46. Rb5
a4 47. Rb2 Bf6 48. e5 dxe5 49. g5 Bxg5 50. dxe5 a3 51. Ra2 Be3+ 52. Kf1 Bd4 0-1

[Event "46th Capablanca Memorial Open A"]
[Site "Havana CUB"]
[Date "2011.05.20"]
[Round "9.30"]
[White "Osorio, Fernando"]
[Black "Figueredo Losada, Leonel"]
[Result "1-0"]
[BlackTitle "FM"]
[WhiteElo "2208"]
[BlackElo "2381"]
[WhiteFideId "3901114"]
[BlackFideId "3507971"]
[EventDate "2011.05.11"]

1. e4 c5 2. Nc3 e6 3. g3 Nc6 4. Bg2 g6 5. d3 Bg7 6. Be3 d6 7. Qd2 Rb8 8. Nge2
Nd4 9. O-O Ne7 10. Rae1 O-O 11. Nc1 b5 12. Nd1 b4 13. c3 bxc3 14. bxc3 Ndc6 15.
Bh6 Qa5 16. Bxg7 Kxg7 17. f4 f6 18. Ne3 Ba6 19. Bh3 e5 20. Rf2 Bc8 21. Bxc8
Rbxc8 22. Ref1 Rb8 23. Nb3 Qa6 24. Nc4 Rbd8 25. fxe5 Nxe5 26. Nxe5 fxe5 27. Qg5
Ng8 28. Nxc5 Qc8 29. Rxf8 Rxf8 30. Rxf8 Kxf8 31. Na4 Qa6 32. Qd8+ Kf7 33. Qd7+
Ne7 34. d4 Qe2 35. dxe5 Qe1+ 36. Kg2 Qxe4+ 37. Kf2 Qc2+ 38. Kg1 dxe5 39. Qxa7
Qd1+ 40. Kg2 e4 41. Qf2+ Nf5 42. Nb2 Qh5 43. Nc4 Kg7 44. h3 Qg5 45. Qf4 Qe7 46.
Qe5+ Qxe5 47. Nxe5 Ne3+ 48. Kg1 h5 49. a4 Kf6 50. Nc6 Nd5 51. a5 Nxc3 52. a6 Nb5
53. Kf2 Nc7 54. a7 g5 55. Ke3 Kf5 56. Nd4+ Ke5 57. Nb5 Nd5+ 58. Ke2 Nb6 59. Nc7
h4 60. g4 1-0

[Event "46th Capablanca Memorial Open A"]
[Site "Havana CUB"]
[Date "2011.05.20"]
[Round "9.31"]
[White "Pulvett, Daniel"]
[Black "Mena Crespo, Carlos"]
[Result "1/2-1/2"]
[WhiteTitle "IM"]
[BlackTitle "FM"]
[WhiteElo "2282"]
[BlackElo "2347"]
[WhiteFideId "3900410"]
[BlackFideId "3506410"]
[EventDate "2011.05.11"]

1. e4 e6 2. d4 d5 3. Nc3 Bb4 4. e5 b6 5. a3 Bf8 6. Bb5+ c6 7. Ba4 a5 8. Nce2 Ba6
9. c3 Bxe2 10. Nxe2 b5 11. Bc2 a4 12. O-O Nd7 13. f4 g6 14. g4 Qh4 15. Ng3 Nh6
16. g5 Ng4 17. Qe2 h6 18. f5 gxf5 19. Nxf5 exf5 20. Bxf5 Qxh2+ 21. Qxh2 Nxh2 22.
Kxh2 hxg5+ 23. Kg3 Be7 24. Be3 Nf8 25. Rh1 Rh4 26. Rxh4 gxh4+ 27. Kh3 Ne6 28.
Rg1 Kd7 29. Bf2 Rh8 30. Rg4 Rh5 31. Rf4 Rh6 32. Bg4 1/2-1/2

[Event "46th Capablanca Memorial Open A"]
[Site "Havana CUB"]
[Date "2011.05.20"]
[Round "9.32"]
[White "Camacho Martinez, Guillermo"]
[Black "Hernandez Fernandez, Ramon A"]
[Result "1-0"]
[WhiteTitle "FM"]
[BlackTitle "FM"]
[WhiteElo "2336"]
[BlackElo "2293"]
[WhiteFideId "3502520"]
[BlackFideId "3503909"]
[EventDate "2011.05.11"]

1. d4 Nf6 2. c4 g6 3. Nc3 Bg7 4. e4 d6 5. f3 O-O 6. Be3 Nc6 7. Nge2 a6 8. Qd2
Rb8 9. Nc1 e5 10. Nb3 exd4 11. Nxd4 Ne5 12. Rd1 c6 13. Be2 b5 14. cxb5 axb5 15.
b4 Bb7 16. O-O Qe7 17. a4 bxa4 18. Ra1 d5 19. exd5 Nxd5 20. Nxd5 cxd5 21. Rxa4
Nc4 22. Bxc4 dxc4 23. b5 Rbc8 24. Ra7 c3 25. Qf2 Rfe8 26. Nc6 Qd7 27. Bd4 Bxd4
28. Qxd4 Qxd4+ 29. Nxd4 Red8 30. Ra4 Rc5 31. Kf2 Rcd5 32. Ke3 Re5+ 33. Kf2 Red5
34. Ke3 c2 35. Rb4 Re5+ 36. Kd3 Rc5 37. Rc1 Bc8 38. g4 h5 39. h3 hxg4 40. hxg4
f5 41. Rxc2 Rxc2 42. Kxc2 fxg4 43. fxg4 Bxg4 44. Nc6 Bf5+ 45. Kc3 Rd6 46. Na7
Rb6 47. Kd4 Bd7 48. Kc5 Rb7 49. b6 Kf7 50. Nc6 Kf6 51. Na5 Rb8 52. Kd6 Bc8 53.
Kc7 Ra8 54. Nc6 g5 55. Nb8 Ba6 56. Nxa6 Rxa6 57. b7 Ra7 58. Kd6 1-0

[Event "46th Capablanca Memorial Open A"]
[Site "Havana CUB"]
[Date "2011.05.20"]
[Round "9.33"]
[White "Ynojosa, Felix Jose"]
[Black "Garcia Martinez, Omar"]
[Result "1/2-1/2"]
[BlackTitle "FM"]
[WhiteElo "2255"]
[BlackElo "2318"]
[WhiteFideId "3900258"]
[BlackFideId "3500861"]
[EventDate "2011.05.11"]

1. e4 c5 2. c3 d5 3. exd5 Qxd5 4. d4 cxd4 5. cxd4 Nc6 6. Nf3 e5 7. Nc3 Bb4 8.
Bd2 Bxc3 9. Bxc3 e4 10. Ne5 Nxe5 11. dxe5 Ne7 12. Qa4+ Bd7 13. Qa3 Qe6 14. Rd1
O-O 15. Rd6 Qf5 16. Be2 Be6 17. O-O Nd5 18. Bd4 Nf4 19. Re1 Rac8 20. Bf1 Bc4 21.
Qe3 Bxf1 22. Kxf1 Nd3 23. Ra1 Rc2 24. Qg3 Nf4 25. Re1 Kh8 26. h3 Ne6 27. Qe3
Nxd4 28. Qxd4 e3 29. Qxe3 Rxb2 30. Rd2 Rb6 31. Qa3 Re8 32. Qxa7 Rb1 33. Re2 h6
34. Rxb1 Qxb1+ 35. Re1 Qb5+ 36. Kg1 Re6 37. Qd4 Qa5 38. Re2 Qb5 39. Re1 Qa5 40.
Qe4 g6 41. Re3 Qxa2 42. Qxb7 Kg7 43. Qe4 h5 44. f4 Qd2 45. Rf3 Ra6 46. f5 Ra2
47. f6+ Kh6 48. Rd3 Qf2+ 49. Kh2 Re2 50. Qf3 Qxf3 51. Rxf3 Rxe5 52. h4 g5 53.
hxg5+ Kxg5 54. Kh3 1/2-1/2

[Event "46th Capablanca Memorial Open A"]
[Site "Havana CUB"]
[Date "2011.05.20"]
[Round "9.34"]
[White "Castellanos Sanchez, Carlos M"]
[Black "Rasmussen, Karsten"]
[Result "1/2-1/2"]
[WhiteTitle "FM"]
[BlackTitle "IM"]
[WhiteElo "2293"]
[BlackElo "2434"]
[WhiteFideId "3501310"]
[BlackFideId "1400088"]
[EventDate "2011.05.11"]

1. e4 c6 2. Nc3 d5 3. Qf3 dxe4 4. Nxe4 Nd7 5. d4 Ndf6 6. c3 Bg4 7. Nxf6+ Nxf6 8.
Qg3 e6 9. Be2 Bf5 10. Bf3 Ne4 11. Bxe4 Bxe4 12. Ne2 Bg6 13. O-O Bd6 14. Bf4 Be7
15. Bc7 Qd7 16. Be5 f6 17. Bf4 O-O 18. Rfe1 Rfe8 19. Qf3 a5 20. Ng3 a4 21. a3
Qd5 22. Qxd5 exd5 23. Nf1 Kf7 24. f3 h5 25. Ne3 h4 26. Kf2 Bh7 27. h3 Bf8 28.
Rad1 Re6 29. Ng4 Rae8 30. Rxe6 Rxe6 31. Ne3 Ke8 32. c4 dxc4 33. Nxc4 Bc2 34. Rd2
Bb3 35. Na5 c5 36. Nxb7 cxd4 37. Rxd4 Rb6 38. Nd6+ 1/2-1/2

[Event "46th Capablanca Memorial Open A"]
[Site "Havana CUB"]
[Date "2011.05.20"]
[Round "9.35"]
[White "Soto Hernandez, Henry"]
[Black "Adel Lahchaichi, Oussama"]
[Result "1/2-1/2"]
[WhiteTitle "FM"]
[BlackTitle "FM"]
[WhiteElo "2362"]
[BlackElo "2265"]
[WhiteFideId "3507475"]
[BlackFideId "2207885"]
[EventDate "2011.05.11"]

1. e4 c5 2. Nf3 Nc6 3. Bb5 Nf6 4. Bxc6 dxc6 5. d3 g6 6. h3 Bg7 7. Nc3 O-O 8. Be3
b6 9. Qd2 Nd7 10. O-O e5 11. Bh6 Qe7 12. Nh2 f6 13. Bxg7 Kxg7 14. f4 exf4 15.
Qxf4 Ne5 16. Nf3 Nxf3+ 17. Rxf3 Be6 18. Raf1 Rf7 19. Ne2 Rd8 20. b3 Bc8 21. g4
Rff8 22. Ng3 Qe5 23. Qxe5 fxe5 24. Rxf8 Rxf8 25. Rxf8 Kxf8 26. Kf2 Ke7 27. Nf1
Kf6 28. Kg3 Be6 29. Nd2 Bf7 30. Nf3 Bg8 31. g5+ Ke6 32. h4 Kd6 33. h5 Ke6 34. h6
Kd6 35. c4 Be6 36. Nh4 Bf7 37. Kf3 Ke6 38. Kg3 Kd6 39. Kf2 Ke6 40. Ke2 Kd6 41.
a3 a5 42. a4 Ke6 43. Kf3 Kd6 44. Nf5+ Kd7 45. Ne3 Be6 46. Kg3 Kd6 47. Nf1 Ke7
48. Nh2 Kd7 49. Nf3 Kd6 50. Nh4 Bf7 1/2-1/2

[Event "46th Capablanca Memorial Open A"]
[Site "Havana CUB"]
[Date "2011.05.20"]
[Round "9.36"]
[White "Zavarce, Oscar Enrique"]
[Black "Marrero Lopez, Yaniet"]
[Result "0-1"]
[WhiteTitle "FM"]
[BlackTitle "WGM"]
[WhiteElo "2223"]
[BlackElo "2328"]
[WhiteFideId "3902501"]
[BlackFideId "3503950"]
[EventDate "2011.05.11"]

1. e4 e5 2. Nf3 Nc6 3. Bc4 Nf6 4. d3 Be7 5. O-O O-O 6. Re1 d6 7. a4 Na5 8. Ba2
c5 9. c3 Be6 10. Nbd2 a6 11. Bxe6 fxe6 12. b4 cxb4 13. cxb4 Nc6 14. Qb3 Qd7 15.
Nc4 Bd8 16. Be3 Nh5 17. d4 Rxf3 18. gxf3 Nxd4 19. Qd1 Bc7 20. Bxd4 exd4 21. Qxd4
Rf8 22. Re3 Nf4 23. Kh1 e5 24. Qd2 Qh3 25. Rg1 Rf6 26. Qa2 d5 27. Nd2 Rg6 28.
Qxd5+ Kh8 0-1

[Event "46th Capablanca Memorial Open A"]
[Site "Havana CUB"]
[Date "2011.05.20"]
[Round "9.38"]
[White "Forgas Moreno, Yaniela"]
[Black "Mendez Fortes, Eduardo Jesus"]
[Result "1/2-1/2"]
[WhiteTitle "WFM"]
[BlackTitle "FM"]
[WhiteElo "2093"]
[BlackElo "2316"]
[WhiteFideId "3508072"]
[BlackFideId "3502376"]
[EventDate "2011.05.11"]

1. e4 c5 2. Nf3 d6 3. d4 cxd4 4. Nxd4 Nf6 5. Nc3 a6 6. Be2 e5 7. Nb3 Be7 8. O-O
O-O 9. Kh1 b5 10. f4 b4 11. Nd5 Bb7 12. Bf3 1/2-1/2

[Event "46th Capablanca Memorial Open A"]
[Site "Havana CUB"]
[Date "2011.05.20"]
[Round "9.39"]
[White "Illas Pueyo, Leonardo"]
[Black "Torres Rosas, Luis Carlos"]
[Result "0-1"]
[WhiteTitle "FM"]
[BlackTitle "CM"]
[WhiteElo "2310"]
[BlackElo "2129"]
[WhiteFideId "3504212"]
[BlackFideId "5111080"]
[EventDate "2011.05.11"]

1. Nf3 Nf6 2. c4 g6 3. b3 Bg7 4. Bb2 O-O 5. g3 d6 6. Bg2 Nc6 7. d4 e5 8. dxe5
Ng4 9. O-O Ngxe5 10. Nxe5 dxe5 11. Nc3 Bg4 12. h3 Be6 13. Nd5 Qd7 14. Kh2 f5 15.
Qd2 Qf7 16. Rad1 Rad8 17. Qe3 Rd7 18. b4 Rfd8 19. Rc1 Nd4 20. Bxd4 exd4 21. Qd3
b5 22. Qa3 g5 23. Qxa7 bxc4 24. Rxc4 c6 25. Qb6 Bxd5 26. Bxd5 Qxd5 27. Rfc1 Qe5
28. R1c2 f4 29. Qxc6 fxg3+ 30. fxg3 Rf7 31. e4 dxe3 32. Re4 Qf5 33. Rxe3 Rdf8
34. Ree2 h5 35. Rc5 Qf1 36. Rcc2 h4 37. Qg2 hxg3+ 38. Qxg3 Rf3 39. Qg2 Rf2 0-1

[Event "46th Capablanca Memorial Open A"]
[Site "Havana CUB"]
[Date "2011.05.20"]
[Round "9.41"]
[White "Tovio, Israel"]
[Black "Pirola, Claudionor Alcides Lima"]
[Result "1-0"]
[WhiteTitle "FM"]
[WhiteElo "2297"]
[BlackElo "2104"]
[WhiteFideId "4402049"]
[BlackFideId "2130556"]
[EventDate "2011.05.11"]

1. e4 c5 2. Nf3 d6 3. d4 cxd4 4. Nxd4 Nf6 5. Nc3 a6 6. Bg5 e6 7. f4 b5 8. e5
dxe5 9. fxe5 Qc7 10. exf6 Qe5+ 11. Be2 Qxg5 12. O-O Qe5 13. Nf3 Bc5+ 14. Kh1
Qxf6 15. Ne4 Qe7 16. Nfg5 O-O 17. Nxf7 Rxf7 18. Rxf7 Kxf7 19. Bh5+ g6 20. Qf3+
Kg8 21. Nxc5 Ra7 22. Nd3 gxh5 23. Qg3+ Qg7 24. Qxb8 Qc7 25. Qxc7 Rxc7 26. c3 Rd7
27. Rd1 Bb7 28. Nf2 Rxd1+ 29. Nxd1 Be4 30. Kg1 Bb1 31. a3 a5 32. Kf2 Kf7 33. Ke3
e5 34. a4 Bc2 35. axb5 Ke6 36. Kd2 Be4 37. Ne3 Kd6 38. c4 Kc5 39. Kc3 Bb7 40. b3
Be4 41. g3 Bf3 42. Nf5 Bg4 43. Ne7 Bf3 44. Kd3 e4+ 45. Ke3 Bd1 46. Nc6 Bxb3 47.
Nxa5 Ba2 48. Nb7+ Kxc4 49. Nd6+ Kc5 50. Nxe4+ Kb6 51. h4 Bb1 52. Kf4 Bd3 53. Nf6
Kxb5 54. Kg5 Kc5 55. Kxh5 Kd4 56. g4 Ke5 57. g5 Ke6 58. Kh6 Kf7 59. Nxh7 Kg8 60.
g6 1-0

[Event "46th Capablanca Memorial Open A"]
[Site "Havana CUB"]
[Date "2011.05.20"]
[Round "9.42"]
[White "Espinoza Palomino, Willyam"]
[Black "Miranda Llanes, Yerisbel"]
[Result "0-1"]
[WhiteTitle "FM"]
[BlackTitle "WFM"]
[WhiteElo "2295"]
[BlackElo "2226"]
[WhiteFideId "3804852"]
[BlackFideId "3507700"]
[EventDate "2011.05.11"]

1. e4 e5 2. Nf3 Nc6 3. Bb5 a6 4. Ba4 Nf6 5. O-O b5 6. Bb3 Bc5 7. a4 Rb8 8. axb5
axb5 9. Nxe5 Nxe5 10. d4 Bxd4 11. Qxd4 d6 12. f4 Ng6 13. Nc3 O-O 14. Nd5 Bb7 15.
f5 Bxd5 16. Bxd5 Ne5 17. Bg5 c6 18. Ba2 c5 19. Qf2 c4 20. Qh4 Ra8 21. b3 Ra6 22.
bxc4 bxc4 23. c3 Qe7 24. Rf2 Nd3 25. e5 dxe5 26. Qxc4 Nxf2 27. Qxa6 Qc5 28. Bh4
N6g4 29. Qe2 Nh3+ 30. Kh1 Ngf2+ 31. Bxf2 Nxf2+ 32. Kg1 Nd3+ 33. Kh1 e4 34. Rf1
Qxc3 35. f6 gxf6 36. h3 Qe5 37. Bc4 Rd8 38. Qg4+ Kh8 39. Qh4 e3 40. Bxd3 Rxd3
41. Qc4 Qd5 42. Qxd5 Rxd5 43. Re1 Re5 44. Kh2 Kg7 45. Kg3 Kg6 46. Kf3 Kg5 47.
Rxe3 Rxe3+ 48. Kxe3 f5 49. Kf3 f4 50. Ke4 h5 51. Ke5 f3 52. gxf3 Kh4 53. f4 Kxh3
54. f5 Kg4 55. f6 h4 56. Kd6 0-1

[Event "46th Capablanca Memorial Open A"]
[Site "Havana CUB"]
[Date "2011.05.20"]
[Round "9.43"]
[White "Martinez Reyes, Pedro Ramon"]
[Black "Yanes Canizares, Alejandro"]
[Result "1-0"]
[WhiteElo "2198"]
[BlackElo "2330"]
[WhiteFideId "3901807"]
[BlackFideId "3506134"]
[EventDate "2011.05.11"]

1. e4 d6 2. d4 g6 3. Nc3 Nf6 4. Nf3 Bg7 5. h3 O-O 6. Be2 c6 7. a4 d5 8. e5 Ne4
9. O-O f6 10. exf6 exf6 11. Re1 f5 12. Bf4 Nd7 13. h4 Ndf6 14. Nxe4 fxe4 15. Ne5
Nd7 16. Bg5 Bf6 17. Bh6 Bg7 18. Bg5 Qb6 19. Nxd7 Bxd7 20. Be3 Qd8 21. c4 Qxh4
22. Qb3 dxc4 23. Qxb7 Rad8 24. Bxc4+ Kh8 25. Qxa7 Rf5 26. Be2 Be6 27. Qb6 Rdf8
28. Qxc6 Bd5 29. Qd6 Rxf2 30. Rf1 R2f5 31. Rxf5 Rxf5 32. Rf1 Bg8 33. Rxf5 gxf5
34. g3 Qh3 35. a5 f4 36. Bxf4 Qc8 37. Be5 Qc1+ 38. Kf2 e3+ 39. Kf3 Bd5+ 40. Kf4
Bg8 41. Qf6 1-0

[Event "46th Capablanca Memorial Open A"]
[Site "Havana CUB"]
[Date "2011.05.20"]
[Round "9.45"]
[White "Sanchez Castillo, Sarai"]
[Black "Corrales Jimenez, Zenia"]
[Result "0-1"]
[WhiteTitle "IM"]
[BlackTitle "WFM"]
[WhiteElo "2268"]
[BlackElo "2182"]
[WhiteFideId "3900754"]
[BlackFideId "3506355"]
[EventDate "2011.05.11"]

1. e4 c5 2. Nf3 d6 3. Nc3 Nc6 4. Bc4 Nf6 5. d4 Bg4 6. dxc5 dxc5 7. O-O Qxd1 8.
Rxd1 a6 9. Nd5 Nxd5 10. Bxd5 Rc8 11. Be3 e6 12. Bxc6+ Rxc6 13. Rd2 Bxf3 14. gxf3
Bd6 15. Rad1 Bc7 16. Bf4 O-O 17. Bxc7 Rxc7 18. Rd7 Rxd7 19. Rxd7 Rb8 20. Rc7 b6
21. Kf1 Kf8 22. Ke2 g5 23. Ra7 a5 24. Kd3 Rd8+ 25. Kc3 e5 26. Rb7 Rd6 27. a4 Rh6
28. Kc4 Kg7 29. c3 Rxh2 30. Rxb6 Rxf2 31. Kxc5 Rxf3 32. Rd6 g4 33. Rd1 g3 34.
Kd6 h5 35. c4 g2 36. Rg1 Rf2 37. c5 h4 38. c6 h3 39. c7 Rc2 40. Kxe5 h2 41. c8=Q
hxg1=Q 0-1

[Event "46th Capablanca Memorial Open A"]
[Site "Havana CUB"]
[Date "2011.05.20"]
[Round "9.46"]
[White "Llaudy Pupo, Lisandra"]
[Black "Fleites Martin, Yuleikys"]
[Result "1/2-1/2"]
[WhiteTitle "WIM"]
[BlackTitle "WIM"]
[WhiteElo "2216"]
[BlackElo "2167"]
[WhiteFideId "3506487"]
[BlackFideId "3502759"]
[EventDate "2011.05.11"]

1. e4 c5 2. Nf3 g6 3. c4 Nc6 4. d4 cxd4 5. Nxd4 Nf6 6. Nc3 d6 7. Be2 Nxd4 8.
Qxd4 Bg7 9. Bg5 O-O 10. Qd2 Be6 11. Rc1 a6 12. f3 Qa5 13. Nd5 Qxd2+ 14. Kxd2
Bxd5 15. cxd5 Rfc8 16. g3 Kf8 17. Rxc8+ Rxc8 18. Rc1 Rxc1 19. Kxc1 Nd7 20. Kc2
Bd4 21. b4 f6 22. Bd2 Kf7 23. Be1 Nb6 24. Kb3 Bg1 25. h3 Bd4 26. a4 Nd7 27. f4
Be3 28. Bg4 Ke8 29. h4 h6 30. Be6 Kd8 31. Kc2 g5 32. fxg5 fxg5 33. Kd3 Bc1 34.
Bf2 gxh4 35. gxh4 Bf4 36. Bxd7 Kxd7 37. Be3 Bxe3 38. Kxe3 e5 39. dxe6+ Kxe6 40.
Kd4 h5 41. a5 Ke7 42. Kc4 Ke6 43. Kd4 Ke7 44. Kc4 1/2-1/2